| 000 | 00000nas 2200000za 4500 |
| 001 | 9.851512 |
| 003 | CaOODSP |
| 005 | 20221107154407 |
| 007 | cr ||||||||||| |
| 008 | 180209d19201947oncar p oss f0###a0eng|d |
| 022 | |y0827-0147 |
| 040 | |aCaOODSP|beng |
| 043 | |an-cn--- |
| 086 | 1 |aCS34-203E-PDF |
| 245 | 00|aReport on the cordage, rope & twine industry in Canada |h[electronic resource]. |
| 246 | 13|aReport on the cordage, rope and twine industry in Canada |
| 246 | 16|aCordage, rope and twine industry in Canada|f1919/1920-1947 |
| 260 | |aOttawa : |bDominion Bureau of Statistics, |c1922-1949. |
| 310 | |aAnnual |
| 362 | 1 |aBegan with 1919/1920 ; ceased with 1947. |
| 490 | 0 |aCensus of Industry |
| 500 | |aTitle from cover. |
| 500 | |aDigitized edition from print [produced by Statistics Canada]. |
| 550 | |aIssued 1932-1933 by General Manufactures Division; 1934-1944 by General Manufactures Branch; 1945-1946 by General Manufacturing Statistics; 1947 by General Manufactures Section. |
| 692 | 07|2gccst|aTextile industry |
| 710 | 1 |aCanada. |bDominion Bureau of Statistics. |
| 710 | 1 |aCanada. |bDominion Bureau of Statistics. |bGeneral Manufactures Division. |
| 710 | 1 |aCanada. |bCensus of Industry. |bGeneral Manufactures Branch. |
| 710 | 1 |aCanada. |bDominion Bureau of Statistics. |bGeneral Manufactures Section. |
| 710 | 1 |aCanada.|bCensus of Industry.|bGeneral Manufacturing Statistics. |
| 785 | 00|tThe cordage, rope and twine industry in Canada |w(CaOODSP)9.851521 |